| 000 | 00958cab a2200193 4500 | ||
|---|---|---|---|
| 001 | L144389 | ||
| 008 | 080715e20080712xxkado f s 000 0 eng u | ||
| 035 | _a(Sirsi) u144389 | ||
| 041 | 0 | _aeng | |
| 100 | 1 | _aMcCormick, Helen | |
| 245 | 0 | 0 | _aTop agents 2008 |
| 260 | _c2008 | ||
| 490 | 0 |
_aEstates Gazette _v(0827) 12 July 2008, 51-61(11) |
|
| 520 | _aAnnual table places Savills as the top agent in 2008, ranked by UK turnover, while Churston Heard have the top ranking for UK turnover per fee-earner. Tables include the top 72 agents ranked by UK turnover, the top 66 agents ranked by UK turnover per fee-earner, the top 9 European agents ranked by European turnover and the top 6 global agents ranked by worldwide turnover. Also includes various opinion sections and predictions for the coming year, including areas such as job cuts and bonuses. | ||
| 590 | _aKA NTK | ||
| 651 | 4 |
_aUnited Kingdom _y |
|
| 690 | _aPROPERTY-PROPERTY AGENCY | ||
| 942 | _n0 | ||
| 999 |
_c80447 _d80447 |
||